00489nam a22001697a 450000500170000001000140001702000260003103500130005703700130007008200150008310000180009824500660011626000300018227000570021230000270026970000230029620100726110429.0 aENG-96841 a9788187496878c350.00 aEN-80374 bDBAD/PUB a980.033092 aCastro, Fidel aChe:ba memoir /cby Fidel Castro; edited by David Deutshmann aNew DelhibLeftwordc2006 a12 Rajendra Prasad Road, New Delhi-110001bNew Delhi axiv, 237p.c22cm (pbk) aDeutschmann, David